Elementry engineering drawing (Record no. 11892)
[ view plain ]
| 000 -LEADER | |
|---|---|
| fixed length control field | 00361cam a2200145ua 4500 |
| 003 - CONTROL NUMBER IDENTIFIER | |
| control field | OSt |
| 008 - FIXED-LENGTH DATA ELEMENTS--GENERAL INFORMATION | |
| fixed length control field | 250108b |||||||| |||| 00| 0 eng d |
| 082 ## - DEWEY DECIMAL CLASSIFICATION NUMBER | |
| Classification number | 604.2 |
| Item number | BHA/ EL |
| 100 ## - MAIN ENTRY--AUTHOR NAME | |
| Personal name | Bhatt, N D. |
| 245 ## - TITLE STATEMENT | |
| Title | Elementry engineering drawing |
| 250 ## - EDITION STATEMENT | |
| Edition statement | 20th |
| 260 ## - PUBLICATION, DISTRIBUTION, ETC. (IMPRINT) | |
| Place of publication | Anand: |
| Name of publisher | Charotar Publishing House, |
| Year of publication | 1983. |
| 300 ## - PHYSICAL DESCRIPTION | |
| Number of Pages | 600 ; |
| Accompanying material | `. |
| 942 ## - ADDED ENTRY ELEMENTS (KOHA) | |
| Koha item type | Books |
| Withdrawn status | Lost status | Damaged status | Home library | Current library | Date acquired | Cost, normal purchase price | Full call number | Accession Number | Koha item type |
|---|---|---|---|---|---|---|---|---|---|
| KAUAET | KAUAET | 08/01/2025 | 30.00 | 604.2 BHA/EL | 14591 | Books | |||
| KAUAET | KAUAET | 08/01/2025 | 30.00 | 604.2 BHA/EL | 14593 | Books |
